000 00381nam a22001697a 4500
003 MPLRDC
005 20220104124107.0
008 210129b ||||| |||| 00| 0 eng d
082 _a857.6 WY
100 _a吴宜
245 _a底层一角
_c
250 _a再版
260 _a
_b香港上海书局
_c1977
300 _b
650 _a短篇小说
942 _cBK
_o857.6 WY
999 _c16602
_d16592